Bremeno na pleciach štátu

Nárast zahraničnej zadlženosti štátu, NBS a ostatných slovenských subjektov. História udeľovania záruk. Prehľad vystavených štátnych záruk od roku 1991.

Na minha lista:
Detalhes bibliográficos
Autor principal: Vechter, Juraj
Formato: Capítulo de Livro
Idioma:eslovaco
Assuntos:
Tags: Adicionar Tag
Sem tags, seja o primeiro a adicionar uma tag!

MARC

LEADER 00000naa a2200000 4500
001 r035244
005 20230919123509.2
041 0 |a slo 
044 |a SK 
245 1 0 |a Bremeno na pleciach štátu  |c Juraj Vechter 
520 |a Nárast zahraničnej zadlženosti štátu, NBS a ostatných slovenských subjektov. História udeľovania záruk. Prehľad vystavených štátnych záruk od roku 1991. 
610 2 0 |a financie štátne 
610 2 0 |a zadlženosť zahraničná 
610 2 0 |a záruka 
610 2 0 |a dlžníci 
610 2 0 |a pohľadávky 
610 2 0 |a Slovensko 
100 1 |a Vechter, Juraj